000 00608nam a2200241Ia 4500
003 OSt
005 20220924132142.0
006 a|||||r|||| 00| 0
007 ta
008 220923b |||||||| |||| 00| 0 hin d
024 _a33746
037 _cTextual
040 _aARTS
_cARTS
_bhin
041 _2hin
_ahin
082 _aO15,2x, 152K0
100 _aMoti Chandra
_92265
245 0 _aSrngar hate
260 _c1960
650 _aSANSKRIT LITERATURE
700 _a Agarwal V S
_9203894
942 _hO15,2x, 152K0
_cTEXL
_2CC
999 _c429483
_d429483